00782nam a2200217 i 4500001000300000245007500003260003100078300002100109504001400130521009100144650003800235650003500273655003000308700003500338020001800373040000800391041000800399080001800407008004100425856009800466bg00aGospodarka a środowisko i ekologia /cKrzysztof Małachowski (red.). aWarszawa :bCeDeWu,c2007. a240 s. ;c24 cm. aBibliogr. aDla studentów kierunków ekonomicznych, ochrony środowiska, biologii i geografii. 9aGospodarka a ochrona środowiska 9aOchrona środowiskaxpolityka aPodręczniki akademickie1 aMAŁACHOWSKI, Krzysztof.eRed. a9788360089392 cBPK apol a504.03(075.8) s pl f |000 0 pol  uhttp://koha.tu.koszalin.pl/cgi-bin/koha/opac-detail.pl?biblionumber=53148yKatalog online BPK